000 00794nam a2200241Ia 4500
003 OSt
005 20220923213942.0
006 a|||||r|||| 00| 0
007 ta
008 220922b |||||||| |||| 00| 0 hin d
024 _a165,853
037 _cTextual
040 _aARTS
_cARTS
_bhin
041 _2hin
_ahin
082 _aO152,1N01,15:g, J1
100 _aवासुदेव
_9156280
245 0 _aपंत की काव्य चेतना में - गुंजन
246 _aPanta kī kāvya chetanā mean - guanjana
260 _aइलाहाबाद
_b किताब धर
_c1951
650 _aहिन्दी साहित्य
_9156264
942 _hO152,1N01,15:g, J1
_cTEXL
_2CC
999 _c320332
_d320332